000 00660nam a22002417a 4500
003 UA-OsUOA
001 57250
007 ta
008 20081208b un ||||| |||| 00| 0 ukr d
100 _aСтадниченко В.
090 _a811.161.2
_bС76
942 _cBK
040 _aUA-OsUOA
_bukr
_cUA-OsUOA
_dUA-OsUOA
245 _aЗелений дзвін
300 _a574 с.
955 _a3
041 _aukr
080 _a811.161.2
020 _a978-966-01-0320-7
260 _aК.
_bУкраїна
_c2008
650 7 _a8 Мовознавство. Художня література. Літературознавство
_2UDC
999 _c343331
_d343331